000 00525nam a2200169 i 4500
001 86079
003 ES-MaACL
005 20230906175353.0
007 t|
008 041207s1936 fr ||||1| fre d
100 1 _aKerenskii, Aleksandr Fiodorovich.
_967892
245 1 3 _aLa verité sur le massacre des romanov /
_cAlexandr Kerenski ; preface de Bernanrd Parés.
260 _aParis :
_b[s.n.,
_c1936] (
_eMayenne :
_fFloch)
300 _a272 p. ;
_c23 cm.
700 1 _aParés, Bernard.
_989098
852 _aES-MaACL
_jA-4159
999 _c86079
_d86079